000 00620nam a2200181Ia 4500
005 20250507130151.0
008 008 250505s9999 xx 000 0 eng d
037 _aDIS
040 _aEASL
_beng
_cEASL
041 _aeng
_2eng
084 _a0000170
_qEASL
100 _aPradhan Gouranga Charan
_9674043
245 0 _aConcept of impermanence in medieval Japanese literature: study of HOJOKI and TSUREZUREGUSA Ranjana Mukhopadhyaya
260 _aIndia
_bUnivesity of Delhi. Social Sciences. East Asian Studies (Delhi India)
_c2013
300 _a127p.
942 _cDIS
_h0000170
999 _c1318058
_d1318058